| 000 | 00568nam a2200181 i 4500 | ||
|---|---|---|---|
| 001 | 58772 | ||
| 003 | ES-MaACL | ||
| 005 | 20230906163901.0 | ||
| 007 | t| | ||
| 008 | 031024s1978 sp ||||1| spa d | ||
| 100 | 1 |
_aDutschke, Rudi. _946361 |
|
| 245 | 1 | 3 |
_aLa democracia obrera, el comunismo y el problema de la abolición del trabajo / _cRudi Dutschke ; [traducción, Pedro Madrigal]. |
| 250 | _a[1ª ed.]. | ||
| 260 |
_a[Barcelona] : _bIcaria, _c[1978] |
||
| 300 |
_a108 p. ; _c17 cm. |
||
| 700 | 1 |
_aMadrigal, Pedro. _975365 |
|
| 852 |
_aES-MaACL _jA-8253 _bR.97413 |
||
| 999 |
_c58772 _d58772 |
||